Search the Library Catalogue
| 000 -LEADER | |
|---|---|
| fixed length control field | 00763nam a2200229Ia 4500 |
| 008 - FIXED-LENGTH DATA ELEMENTS--GENERAL INFORMATION | |
| fixed length control field | 191130s2007##################000#0#eng## |
| 020 ## - INTERNATIONAL STANDARD BOOK NUMBER | |
| ISBN | 9780486461403 |
| 082 ## - DEWEY DECIMAL CLASSIFICATION NUMBER | |
| Classification number | 729.0944 ROU |
| 245 ## - TITLE STATEMENT | |
| Title | French architectural ornament from Versailles, Fontainebleau and other palaces |
| Statement of responsibility, etc | edited by Eugène Rouyer |
| 250 ## - EDITION STATEMENT | |
| Edition statement | Dover ed |
| 260 ## - PUBLICATION, DISTRIBUTION, ETC. (IMPRINT) | |
| Place of publication | Mineola, NY |
| Name of publisher | Dover Publications |
| Year of publication | 2007 |
| 300 ## - PHYSICAL DESCRIPTION | |
| Number of Pages | [91] p. of plates : all ill. (some col.) ; 28 cm |
| 650 ## - SUBJECT ADDED ENTRY--TOPICAL TERM | |
| Topical Term | Decoration and ornament, Architectural - France |
| Topical Term | Mural painting and decoration, French |
| 700 ## - ADDED ENTRY--PERSONAL NAME | |
| Personal name | Gélis-Didot, P |
| Personal name | Rouyer, Eugène |
| 991 ## - | |
| -- | 317925 |
| Withdrawn status | Lost status | Damaged status | Not for loan | Home library | Current library | Shelving location | Date acquired | Full call number | Accession Number | Price effective from | Koha item type |
|---|---|---|---|---|---|---|---|---|---|---|---|
| Anna Centenary Library | Anna Centenary Library | 6TH FLOOR, B WING | 13.10.2020 | 729.0944 ROU | 443197 | 13.10.2020 | English Books |